[Event "CZE-ch U16 Girls"]
[Site "Luhacovice"]
[Date "2022.03.18"]
[Round "8"]
[White "Sehnoutkova, Laura"]
[Black "Blazeninova, Anna"]
[Result "1-0"]
[WhiteElo "1126"]
[BlackElo "1602"]
[PlyCount "61"]
[EventDate "2022.03.12"]
[EventType "swiss"]
[EventRounds "9"]
[EventCountry "CZE"]
[SourceTitle "EXT 2023"]
[Source "ChessBase"]
[SourceDate "2022.10.05"]
[SourceVersion "1"]
[SourceVersionDate "2022.10.05"]
[SourceQuality "1"]

1. d4 e5 2. dxe5 Nc6 3. Nf3 Qe7 4. e3 Nxe5 5. Nbd2 d6 6. Nxe5 dxe5 7. b3 g6 8. Bb2 Bg7 9. Be2 Bd7 10. Bf3 0-0-0 11. Qe2 Nh6 12. 0-0 Nf5 13. a4 Nh4 14. a5 Nxf3+ 15. Nxf3 Bc6 16. a6 Kb8 17. axb7 Bxb7 18. Qb5 Rd6 19. Ba3 Rb6 20. Qxb6 cxb6 21. Bxe7 e4 22. Nd4 Bf8 23. Bxf8 Rxf8 24. Nb5 a6 25. Nd6 a5 26. Nxb7 Kxb7 27. Rfd1 Rc8 28. c4 Rc7 29. Rd4 f5 30. Rad1 h5 31. Rd7 1-0

[Event "CZE-ch U16 Girls"]
[Site "Luhacovice"]
[Date "2022.03.17"]
[Round "7"]
[White "Sehnoutkova, Laura"]
[Black "Nespora, Tatana"]
[Result "0-1"]
[WhiteElo "1126"]
[BlackElo "1452"]
[PlyCount "56"]
[EventDate "2022.03.12"]
[EventType "swiss"]
[EventRounds "9"]
[EventCountry "CZE"]
[SourceTitle "EXT 2023"]
[Source "ChessBase"]
[SourceDate "2022.10.05"]
[SourceVersion "1"]
[SourceVersionDate "2022.10.05"]
[SourceQuality "1"]

1. d4 Nf6 2. Bf4 g6 3. e3 Bg7 4. Nf3 0-0 5. Be2 d6 6. h3 b6 7. Nbd2 Bb7 8. 0-0 Nbd7 9. c3 Ne8 10. Qc2 e5 11. dxe5 dxe5 12. Bg3 Nd6 13. e4 Qe7 14. Rfe1 Kh8 15. Rad1 Rae8 16. b4 f5 17. exf5 gxf5 18. Nc4 f4 19. Bh4 Bf6 20. Bxf6+ Qxf6 21. Nxd6 cxd6 22. Bb5 Re7 23. Bxd7 Rxd7 24. Nxe5 Qg7 25. f3 dxe5 26. Rxd7 Qf7 27. Re7 Qxe7 28. Rxe5 Qd7 0-1

[Event "CZE-ch U16 Girls"]
[Site "Luhacovice"]
[Date "2022.03.13"]
[Round "2"]
[White "Sehnoutkova, Laura"]
[Black "Mullerova, Karina Nela"]
[Result "1-0"]
[WhiteElo "1126"]
[BlackElo "1250"]
[PlyCount "83"]
[EventDate "2022.03.12"]
[EventType "swiss"]
[EventRounds "9"]
[EventCountry "CZE"]
[SourceTitle "EXT 2023"]
[Source "ChessBase"]
[SourceDate "2022.10.05"]
[SourceVersion "1"]
[SourceVersionDate "2022.10.05"]
[SourceQuality "1"]

1. d4 f5 2. Bf4 d5 3. e3 Nf6 4. Nf3 e6 5. Nbd2 a6 6. Be2 c5 7. c4 Nc6 8. a3 cxd4 9. Nxd4 Nxd4 10. exd4 dxc4 11. Nxc4 b5 12. Ne5 Bb7 13. 0-0 Nd5 14. Bf3 Rb8 15. Bxd5 Qxd5 16. Nf3 Bd6 17. Bxd6 Qxd6 18. Qd3 Qd5 19. Rfe1 0-0 20. Re5 Qd6 21. Rae1 Be4 22. Qe3 Rf6 23. Ng5 Rbf8 24. f3 Bd5 25. Nxe6 Bxe6 26. Rxe6 Rxe6 27. Qxe6+ Qxe6 28. Rxe6 Rd8 29. Rxa6 Rxd4 30. b4 f4 31. g3 g5 32. gxf4 Rxf4 33. Kg2 Kg7 34. Ra5 g4 35. fxg4 Rxg4+ 36. Kf3 Rg5 37. a4 Rf5+ 38. Kg4 Rf2 39. Kg3 Ra2 40. axb5 Rxa5 41. bxa5 h5 42. a6 1-0

[Event "CZE-ch U16"]
[Site "Herlikovice"]
[Date "2021.10.25"]
[Round "3"]
[White "Sehnoutkova, Laura"]
[Black "Kubicek, Daniel1111"]
[Result "0-1"]
[WhiteElo "1147"]
[BlackElo "1420"]
[PlyCount "88"]
[EventDate "2021.10.23"]
[EventType "swiss"]
[EventRounds "9"]
[EventCountry "CZE"]
[SourceTitle "EXT 2023"]
[Source "ChessBase"]
[SourceDate "2022.10.05"]
[SourceVersion "1"]
[SourceVersionDate "2022.10.05"]
[SourceQuality "1"]

1. d4 d5 2. Bf4 Bf5 3. e3 e6 4. Nf3 c5 5. c4 Nc6 6. Be2 dxc4 7. Bxc4 cxd4 8. Nxd4 Bxb1 9. Rxb1 Bb4+ 10. Ke2 Nf6 11. Nxc6 bxc6 12. a3 Bc5 13. b4 Bb6 14. Qb3 0-0 15. Rhd1 Nd5 16. Bg3 Qf6 17. Rd3 a5 18. b5 a4 19. Qc2 Rfc8 20. Bxd5 cxd5 21. Qb2 Qxb2+ 22. Rxb2 h6 23. Kd2 Kf8 24. Bd6+ Ke8 25. Rc3 Kd7 26. Be5 Ba5 27. Bxg7 Bxc3+ 28. Bxc3 Kc7 29. Bd4 Kb7 30. Kd3 Rc4 31. f3 Re8 32. e4 Rc7 33. Rb4 dxe4+ 34. fxe4 Rd7 35. e5 Ra8 36. g4 Rd5 37. Ke4 Ra5 38. b6 Rdb5 39. Rc4 Rb3 40. Bc5 Rh3 41. Rc2 Rxc5 42. Rxc5 Kxb6 43. Kd4 Rxa3 44. h4 Rd3+ 0-1

[Event "CZE-ch U16"]
[Site "Herlikovice"]
[Date "2021.10.24"]
[Round "2"]
[White "Komora, Matej"]
[Black "Sehnoutkova, Laura"]
[Result "1-0"]
[WhiteElo "1373"]
[BlackElo "1147"]
[PlyCount "57"]
[EventDate "2021.10.23"]
[EventType "swiss"]
[EventRounds "9"]
[EventCountry "CZE"]
[SourceTitle "EXT 2023"]
[Source "ChessBase"]
[SourceDate "2022.10.05"]
[SourceVersion "1"]
[SourceVersionDate "2022.10.05"]
[SourceQuality "1"]

1. e4 c5 2. Nf3 Nc6 3. d4 cxd4 4. Nxd4 g6 5. Nc3 Bg7 6. Be3 d6 7. Bc4 Nf6 8. f3 0-0 9. Qd2 Re8 10. Bb3 Bd7 11. g4 a6 12. h4 h5 13. gxh5 Nxh5 14. Rg1 e6 15. 0-0-0 Nxd4 16. Bxd4 Qxh4 17. Bxg7 Kxg7 18. Qxd6 Bc6 19. Qe5+ Kg8 20. Rg4 Qh3 21. Rdg1 Kh7 22. Qc7 Qxf3 23. Bc4 Rac8 24. Qe5 Qf6 25. Qh2 Rh8 26. Rf1 Qe7 27. Ne2 Kg7 28. Qe5+ Kg8 29. Rxg6+ 1-0

[Event "CZE-ch U10 Girls"]
[Site "Kouty nad Desnou"]
[Date "2017.03.13"]
[Round "3"]
[White "Sehnoutkova, Laura"]
[Black "Buchtova, Viktorie"]
[Result "1/2-1/2"]
[WhiteElo "1100"]
[BlackElo "1000"]
[PlyCount "118"]
[EventDate "2017.03.11"]
[EventType "swiss"]
[EventRounds "9"]
[EventCountry "CZE"]
[SourceTitle "CBM 177 Extra"]
[Source "ChessBase"]
[SourceDate "2017.04.27"]
[SourceVersion "1"]
[SourceVersionDate "2017.04.27"]
[SourceQuality "1"]

1. e4 e5 2. Nf3 Nc6 3. Bc4 Nf6 4. 0-0 Nxe4 5. Re1 d5 6. Bb5 Bg4 7. h3 Bf5 8. Nxe5 Qd6 9. Bxc6+ bxc6 10. Nf3 Be7 11. g3 Bxh3 12. Nc3 Nxg3 13. Kh2 Nf1+ 14. Kxh3 Qh6+ 15. Kg2 d4 16. d3 Qg6+ 17. Kxf1 dxc3 18. Qe2 Qf6 19. Bg5 Qe6 20. Bxe7 Kxe7 21. bxc3 Rhe8 22. Qxe6+ fxe6 23. Ng5 Kf6 24. Nxh7+ Kg6 25. Rab1 Kxh7 26. Rb7 Re7 27. Ke2 g5 28. Kd1 Kh6 29. c4 Kh5 30. d4 Kg4 31. d5 Rae8 32. dxe6 Rxe6 33. Rxe6 Rxe6 34. Rxc7 Kf3 35. Rg7 g4 36. Rxa7 Kxf2 37. a4 g3 38. Rg7 g2 39. a5 g1Q+ 40. Rxg1 Kxg1 41. a6 Re7 42. Kd2 Ra7 43. Kd3 Rxa6 44. Kd4 Ra8 45. Kc5 Rc8 46. Kb6 Rh8 47. Kxc6 Rh7 48. Kb5 Kf2 49. c5 Ke3 50. Kb6 Kd4 51. c3+ Kd5 52. c6 Kd6 53. c4 Rh8 54. c5+ Ke7 55. Kb7 Re8 56. c7 Kd7 57. c6+ Kd6 58. c8Q Rxc8 59. Kxc8 Kxc6 1/2-1/2